World War 1 Quiz - Statistics

General Stats
  • This quiz has been taken 2,187 times
  • The average score is 7 of 14
Answer Stats
Question Answer % Correct
Who Did Gavrilo Princip Kill Then Triggered World War One? Franz Ferdinand
94%
What Empire Helped Serbia When Germany And Austria-Hungarian Empire Declared War On Serbia? Russian Tsardom
86%
What Treaty Ended The War? Treaty Of Versailles
84%
In What City Was It? Sarajevo
77%
Who Was The U.S President In World War One? Woodrow Wilson
74%
What Country Joined The Central Powers In 14 October,1915? Kingdom Of Bulgaria
59%
What Battle Was Supposed To End The War? Somme Offensive
55%
What Was The Name Of The Alliance Of France-British Empire-Russian Tsardom Triple Entente
45%
What New Weapon Was Instroduced In The Third Battle Of Ypres? Mustard Gas
39%
What Sort Of Planes That Were Big Was Used To Spy And Bomb Cities In World War One? Zeppelins
38%
What Neutral Country Did Serbia Retreat Through Causing 200,000 Casualties Albania
34%
What Did The Soldiers Get Thanks To Artillery Shell Shock
30%
Who Is The Hero Of Verdun Philippe Pétain
17%
What Automatic Machine Gun Was Used In World War 1 Lewis Gun
14%
No matching quizzes found
Score Distribution
Percent of People with Each Score
Percentile by Number Answered
Your Score History
You have not taken this quiz